书目信息 |
| 题名: |
复杂环境条件下山地城市交通隧道绿色施工技术
|
|
| 作者: | 陈永平 , 王元清 著 | |
| 分册: | ||
| 出版信息: | 北京 科学出版社 2025.03 |
|
| 页数: | 277页 | |
| 开本: | 24cm | |
| 丛书名: | ||
| 单 册: | ||
| 中图分类: | U459.4 | |
| 科图分类: | ||
| 主题词: | 山区城市--shan qu cheng shi--山岭隧道--隧道施工--无污染技术 | |
| 电子资源: | ||
| ISBN: | 978-7-03-081691-7 | |
| 000 | 01332nam0 2200253 450 | |
| 001 | 89366 | |
| 005 | 20250814135925.57 | |
| 010 | @a978-7-03-081691-7@dCNY180.00 | |
| 100 | @a20250417d2025 em y0chiy50 ea | |
| 101 | 0 | @achi |
| 102 | @aCN@b110000 | |
| 105 | @aak a 000yy | |
| 106 | @ar | |
| 200 | 1 | @a复杂环境条件下山地城市交通隧道绿色施工技术@Afu za huan jing tiao jian xia shan di cheng shi jiao tong sui dao lv se shi gong ji shu@f陈永平, 王元清等著 |
| 210 | @a北京@c科学出版社@d2025.03 | |
| 215 | @a277页@c图@d24cm | |
| 320 | @a有书目 (第275-277页) | |
| 330 | @a本书共9章, 第1章绪论, 主要介绍山地城市隧道的特征及隧道施工技术发展趋势 ; 第2章主要介绍下穿建 (构) 筑物密集区市政隧道施工技术 ; 第3章主要介绍繁华商业区地下环形交通隧道施工技术 ; 第4章主要介绍城市富水岩溶地层大断面公路隧道施工技术 ; 第5章主要介绍穿越矿区复杂地层城市公路隧道施工技术 ; 第6章主要介绍城市交通隧道邻近既有隧道施工技术 ; 第7章主要介绍山地城市轨道交通暗挖区间隧道施工技术 ; 第8章主要介绍山地城市轨道交通隧道大断面暗挖车站施工技术 ; 第9章主要介绍复杂多变地质条件下轨道交通隧道掘进机施工技术。 | |
| 606 | 0 | @a山区城市@Ashan qu cheng shi@x山岭隧道@x隧道施工@x无污染技术 |
| 690 | @aU459.4@v5 | |
| 701 | 0 | @a陈永平@Achen yong ping@4著 |
| 701 | 0 | @a王元清@Awang yuan qing@4著 |
| 801 | 0 | @aCN@c20250909 |
| 905 | @a河南城建学院图书馆@dU459.4@eC620@f1 | |
| 复杂环境条件下山地城市交通隧道绿色施工技术/陈永平, 王元清等著.-北京:科学出版社,2025.03 |
| 277页:图;24cm |
| ISBN 978-7-03-081691-7:CNY180.00 |
| 本书共9章, 第1章绪论, 主要介绍山地城市隧道的特征及隧道施工技术发展趋势 ; 第2章主要介绍下穿建 (构) 筑物密集区市政隧道施工技术 ; 第3章主要介绍繁华商业区地下环形交通隧道施工技术 ; 第4章主要介绍城市富水岩溶地层大断面公路隧道施工技术 ; 第5章主要介绍穿越矿区复杂地层城市公路隧道施工技术 ; 第6章主要介绍城市交通隧道邻近既有隧道施工技术 ; 第7章主要介绍山地城市轨道交通暗挖区间隧道施工技术 ; 第8章主要介绍山地城市轨道交通隧道大断面暗挖车站施工技术 ; 第9章主要介绍复杂多变地质条件下轨道交通隧道掘进机施工技术。 |
| ● |
| 相关链接 |
|
|
|
正题名:复杂环境条件下山地城市交通隧道绿色施工技
索取号:U459.4/C620
 
预约/预借
| 序号 | 登录号 | 条形码 | 馆藏地/架位号 | 状态 | 备注 |
| 1 | 1623328 | 216233289 | 自科库501/501自科库 85排2列3层/ [索取号:U459.4/C620] | 在馆 |